Loading...
Science - Chemistry | 1 | 1 | 0 | 1 | 25 | 76 | 80.00 | 1 | 2 |
Beliefs - Religion | 0 | 2 | 0 | 0 | 20 | 88 | 96.50 | 0 | 2 |
Thought - Philosophy | 0 | 2 | 0 | 0 | 20 | 96 | 104.00 | 0 | 2 |
Beliefs - Mythology | 0 | 2 | 1 | 1 | 15 | 128 | 132.50 | 0 | 1 |
Science - Engineering | 1 | 0 | 0 | 0 | 15 | 33 | 33.00 | 1 | 1 |
Science - Other Science | 0 | 2 | 1 | 0 | 15 | 75 | 91.00 | 1 | 2 |
History - World History | 0 | 1 | 0 | 0 | 10 | 130 | 130.00 | 0 | 1 |
Literature - Euro Lit | 0 | 1 | 0 | 0 | 10 | 114 | 114.00 | 0 | 0 |
Science - Biology | 0 | 1 | 0 | 1 | 10 | 137 | 137.00 | 0 | 1 |
History - Other History | 0 | 1 | 0 | 1 | 10 | 140 | 140.00 | 0 | 1 |
Literature - British Lit | 0 | 1 | 1 | 0 | 5 | 115 | 115.00 | 1 | 1 |
Literature - American Lit | 0 | 1 | 1 | 0 | 5 | 138 | 138.00 | 0 | 0 |
Science - Physics | 0 | 0 | 1 | 0 | -5 | 0.00 | 0 | 0 | |
History - Euro History | 0 | 0 | 1 | 0 | -5 | 0.00 | 0 | 0 |